Finančné trhy a ich budúci vývoj

Fundamentálnou otázkou finančných trhov je dostatok alebo nedostatok kapitálu. Nové formy regulácie finančných trhov, zadlženosť ekonomických subjektov, reštrukturalizácia finančných trhov, banková únia, kvantitatívne uvoľňovanie a zadlženosť subjektov, riziká deficitného hospodárenia národných rozp...

Descrizione completa

Salvato in:
Dettagli Bibliografici
Autore principale: Ivanová, Pavlína
Natura: Capitolo di libro
Lingua:slovacco
Soggetti:
Tags: Aggiungi Tag
Nessun Tag, puoi essere il primo ad aggiungerne!!

MARC

LEADER 00000nla a2200000 4500
001 0200498
005 20240502073405.7
041 0 |a slo 
044 |a SK 
245 1 0 |a Finančné trhy a ich budúci vývoj  |c Pavlína Ivanová 
520 |a Fundamentálnou otázkou finančných trhov je dostatok alebo nedostatok kapitálu. Nové formy regulácie finančných trhov, zadlženosť ekonomických subjektov, reštrukturalizácia finančných trhov, banková únia, kvantitatívne uvoľňovanie a zadlženosť subjektov, riziká deficitného hospodárenia národných rozpočtov, kumulácia krízových faktorov na finančných trhoch. 
610 2 0 |a trh finančný 
610 2 0 |a prognózy hospodárske 
610 2 0 |a riziko finančné 
610 2 0 |a investori 
610 2 0 |a investovanie 
100 1 |a Ivanová, Pavlína